LA GREVE DES BATTU; (Record no. 7644)
[ view plain ]
| 000 -LEADER | |
|---|---|
| fixed length control field | 00328nam a22001337a 4500 |
| 005 - DATE AND TIME OF LATEST TRANSACTION | |
| control field | 20250923130845.0 |
| 008 - FIXED-LENGTH DATA ELEMENTS--GENERAL INFORMATION | |
| fixed length control field | 250923b |||||||| |||| 00| 0 eng d |
| 050 ## - LIBRARY OF CONGRESS CALL NUMBER | |
| Classification number | PQ3989 |
| Item number | .2 FAL |
| 100 ## - MAIN ENTRY--PERSONAL NAME | |
| Personal name | FALL AMINATA SOW |
| 245 ## - TITLE STATEMENT | |
| Title | LA GREVE DES BATTU; |
| Remainder of title | OU LES DECHETS HUMAINS |
| 260 ## - PUBLICATION, DISTRIBUTION, ETC. | |
| Date of publication, distribution, etc. | 2001 |
| 300 ## - PHYSICAL DESCRIPTION | |
| Extent | 182p |
| 942 ## - ADDED ENTRY ELEMENTS (KOHA) | |
| Source of classification or shelving scheme | Library of Congress Classification |
| Koha item type | Books |
| Suppress in OPAC | No |
| 999 ## - | |
| -- | 7644 |
| -- | 7644 |
| Withdrawn status | Lost status | Source of classification or shelving scheme | Damaged status | Not for loan | Collection | Home library | Current library | Shelving location | Date acquired | Total checkouts | Full call number | Barcode | Date last seen | Copy number | Price effective from | Koha item type |
|---|---|---|---|---|---|---|---|---|---|---|---|---|---|---|---|---|
| Library of Congress Classification | Fiction | Undergraduate Library (Christ Temple) | Undergraduate Library (Christ Temple) | General stacks | 09/23/2025 | PQ3989.2 FAL | ulct00004937 | 09/23/2025 | 1 | 09/23/2025 | Books |